MARC details
| 000 -LEADER |
| fixed length control field |
02492nam a2200325 i 4500 |
| 003 - CONTROL NUMBER IDENTIFIER |
| control field |
CSPC |
| 005 - DATE AND TIME OF LATEST TRANSACTION |
| control field |
20260305111208.0 |
| 008 - FIXED-LENGTH DATA ELEMENTS--GENERAL INFORMATION |
| fixed length control field |
251222s2024 nyua 001 0 eng d |
| 020 ## - INTERNATIONAL STANDARD BOOK NUMBER |
| International Standard Book Number |
9781647285586 |
| 040 ## - CATALOGING SOURCE |
| Original cataloging agency |
CSPC |
| Language of cataloging |
eng |
| Transcribing agency |
CSPC |
| Description conventions |
rda |
| 050 04 - LIBRARY OF CONGRESS CALL NUMBER |
| Classification number |
QA76.9.H85 |
| Item number |
.M66 2024 |
| 082 04 - DEWEY DECIMAL CLASSIFICATION NUMBER |
| Classification number |
004.019 |
| Item number |
M781h |
| Edition number |
23 |
| 100 1# - MAIN ENTRY--PERSONAL NAME |
| Personal name |
Moore, Daniel, |
| Relator term |
author. |
| 245 10 - TITLE STATEMENT |
| Title |
Human-computer interaction : |
| Remainder of title |
fundamentals and practice / |
| Statement of responsibility, etc. |
Daniel Moore. |
| 264 #1 - PRODUCTION, PUBLICATION, DISTRIBUTION, MANUFACTURE, AND COPYRIGHT NOTICE |
| Place of production, publication, distribution, manufacture |
Forest Hills, New York : |
| Name of producer, publisher, distributor, manufacturer |
Willford Press, |
| Date of production, publication, distribution, manufacture, or copyright notice |
2024. |
| 300 ## - PHYSICAL DESCRIPTION |
| Extent |
vi, 230 pages : |
| Other physical details |
illustrations ; |
| Dimensions |
27 cm. |
| 336 ## - CONTENT TYPE |
| Source |
rdacontent |
| Content type term |
text |
| 337 ## - MEDIA TYPE |
| Source |
rdamedia |
| Media type term |
unmediated |
| 338 ## - CARRIER TYPE |
| Source |
rdacarrier |
| Carrier type term |
volume |
| 490 0# - SERIES STATEMENT |
| Series statement |
Knowledge series |
| 500 ## - GENERAL NOTE |
| General note |
Includes index. |
| 505 0# - FORMATTED CONTENTS NOTE |
| Formatted contents note |
Understanding human-computer interaction -- Core concepts in human-computer interaction -- Elements of user interface -- Methods for designing interfaces -- Models and laws in human-computer interaction -- Human-computer interaction: applications. |
| 520 ## - SUMMARY, ETC. |
| Summary, etc. |
"The study of human-computer interaction involves researching the design and utilization of computer technology specifically oriented towards the interfaces connecting people and computers. It examines the various ways in which humans interact with computer systems. Human-computer interaction also engineers computer technologies facilitating novel forms of interaction between humans and computers. This interdisciplinary field integrates design, media studies, computer sciences, and other domains, with a primary emphasis on developing and deploying innovative computer interfaces. It investigates methodologies for analyzing human-computer interactions and their socio-cultural impacts, as well as techniques for distinguishing between human and computer users. Human-computer interaction is an upcoming field of computer engineering that has undergone rapid development over the past few decades. It unfolds the innovative aspects of these fields which will be crucial for the progress in the future. Those in search of information to further their knowledge will be greatly assisted by this book." -- Back cover |
| 650 #0 - SUBJECT ADDED ENTRY--TOPICAL TERM |
| Topical term or geographic name entry element |
Human-computer interaction. |
| 650 #2 - SUBJECT ADDED ENTRY--TOPICAL TERM |
| Topical term or geographic name entry element |
User-centered system design. |
| 650 #0 - SUBJECT ADDED ENTRY--TOPICAL TERM |
| Topical term or geographic name entry element |
Human computation. |
| 650 #0 - SUBJECT ADDED ENTRY--TOPICAL TERM |
| Topical term or geographic name entry element |
User interfaces (computer systems). |
| 942 ## - ADDED ENTRY ELEMENTS (KOHA) |
| Source of classification or shelving scheme |
Dewey Decimal Classification |
| Suppress in OPAC |
No |
| Koha item type |
Books |
| Classification part |
004.019 |
| Item part |
M781h |
| Call number prefix |
CIR |
| Call number suffix |
2024 |
| Edition |
23 |